| Tag |
First Indicator |
Second Indicator |
Subfields |
| LEADER |
00000cam a2200000 4500 |
| 001 |
in00000020983 |
| 005 |
20151007060925.0 |
| 008 |
731105s1906 enkaef 00010 eng |
| 010 |
|
|
|a 06023170
|
| 035 |
|
|
|a (OCoLC)00734566
|
| 035 |
|
|
|9 AAD0589AM
|
| 040 |
|
|
|a DLC
|c WEL
|d TXA
|d UtOrBLW
|
| 049 |
|
|
|a TXAS
|c [50270]
|
| 050 |
|
0 |
|a SB466.I8
|b T8
|
| 090 |
|
|
|a SB466.I8
|b T8 1906
|
| 092 |
|
|
|a 712
|b T828a
|
| 100 |
1 |
|
|a Triggs, H. Inigo
|q (Harry Inigo),
|d 1876-1923.
|
| 245 |
1 |
4 |
|a The art of garden design in Italy /
|c by H. Inigo Triggs .... illustrated by seventy-three photographic plates reproduced in collotype, twenty-seven plans and numerous sketches in the text taken from oritinal surveys and plans specially made by the author and twenty-eight plates from photographs by Mrs. Aubry Le Blond.
|
| 264 |
|
1 |
|a London,
|a New York,
|a Bombay :
|b Longmans, Green and co.,
|c 1906.
|
| 300 |
|
|
|a xii, 134 pages :
|b illustrations, 128 plates (including frontispiece, 27 plans) ;
|c 45 x 34 cm.
|
| 336 |
|
|
|a text
|b txt
|2 rdacontent
|
| 337 |
|
|
|a unmediated
|b n
|2 rdamedia
|
| 338 |
|
|
|a volume
|b nc
|2 rdacarrier
|
| 500 |
|
|
|a Title in red and black. Initials.
|
| 650 |
|
0 |
|a Gardens.
|
| 650 |
|
0 |
|a Landscape gardening
|z Italy.
|
| 999 |
|
|
|a MARS
|
| 999 |
f |
f |
|s 22e337bf-9ff7-36b7-a658-7926ca0ae9b0
|i de789e36-b25d-38bc-837c-5df1506843ca
|t 0
|
| 952 |
f |
f |
|p noncirc
|a Texas A&M University
|b College Station
|c Cushing Memorial Library & Archives
|d Cushing: Rare Books (Does not check out)
|t 0
|e SB466.I8 T8 1906
|f Oversize
|h Library of Congress classification
|i unmediated -- volume
|
| 998 |
f |
f |
|a SB466.I8 T8 1906
|t 0
|l Cushing: Rare Books (Does not check out)
|